00809pam a2200241 a 4500001000500000005001700005020001800022040002300040050002000063082001000083100002100093245007200114250004700186260003600233300005900269505000800328520008400336521002000420521002000440650003300460650003300493700004100526336720251127140136.0 a9780439108355 aDLCcDLCdDLCbeng00aTG148.H86b199800a624.21 aHunter, Ryan Ann00aCross a bridge /cby Ryan Ann Hunter ; illustrated by Edward Miller aFirst Scholastic printing , September 1999 aNew York :bScholastic , c1998 a31 unnumbered pages :bcolor illustrations ;c21 cm .  aN  aDescribes different kinds of bridges: how they are built and how they are used. a550 bLexile  aN bRaz-Plus  0aBridgesxJuvenile literature 1aBridgesvJuvenile literature1 aMiller, Edward d1964-eillustrator